Responses for Show #6489 - Thursday, November 29, 2012

Jason Shore game 2.

Contestants

[<< previous game]

Scott Vinick, an information technology consultant from Sagamore Hills, Ohio

Cara Harley, a medical writer from Charlestown, Massachusetts

Jason Shore, a medical student from Plano, Texas (whose 1-day cash winnings total $22,878)

[next game >>]

Jeopardy! Round responses

WHERE AM I?
RANDOMONIUM
QUEEN ELIZABETH'S DIAMOND JUBILEE
GAME SHOW NAMES IN OTHER COUNTRIES
(Alex: That sounds like fun.)
ALL ABOUT ACTING
PICK UP YOUR "CUE"
    $200 6
the Galápagos

Cara
    $200 7
hair dryer

Cara
    $200 12
(Jason: What is 60?)

62

JasonScott
    $200 20
Cash Cab

Jason
    $200 26
dress rehearsal

Cara
    $200 1
barbecue

Jason
    $400 14
The Dead Sea

Jason
    $400 8
(Scott: What is the shot put and discus?)
(Cara: What is javelin and discus?)

the shot put and the hammer

CaraScott
Triple Stumper
    $400 13
Prince Philip

Cara
    $400 21
The Price Is Right

Jason
    $400 27
the scenery

Jason
    $400 2
miscue

Jason
    $600 15
(Scott: What is Amsterdam?)

Rotterdam

Scott
Triple Stumper
    $600 9
Instagram

Cara
    $1,200 18
Andrew Lloyd Webber

Cara
    $600 22
Who Wants to Be a Millionaire?

Jason
    $600 28
prop

Jason
    $600 3
evacuee

Jason
    $800 16
Tierra del Fuego

Jason
    $800 10
(Alex: [*] is one of them. [*] are the three others.)

Monopoly (or Scrabble or Game of Life or Candyland)

Jason
    $800 19
King George VI

Jason
    $800 23
Deal or No Deal

Cara
    $800 29
stage direction (or blocking)

Scott
    $800 4
curlicue

Jason
    $1000 17
Jordan

Cara
    $1000 11
Sisyphus

Cara
    $1000 25
Balmoral

Cara
    $1000 24
Wheel of Fortune

Jason
    $1000 30
callback

Jason
    $1000 5
(Alex: Well done. You ran the category right off the bat.)
[Applause]
(Alex: You got $3,000 to show for it. Good for you.)

fescue

Jason

Scores at the first commercial break (after clue 13):

Jason Cara Scott
$3,600 $2,000 -$200

Scores at the end of the Jeopardy! Round:

Jason Cara Scott
$9,800 $6,200 $0

Double Jeopardy! Round responses

NATURE BOY
ON THE BROADWAY DINER MENU
THE PRESIDENT IS DEAD
UN-AMERICAN ACTIVITIES
CHAPTER 13
(Alex: But of what novel?)
IT'S "OVER"!
    $400 17
Darwin

Scott
    $400 24
(Alex: With less than a minute to go, you're right.)

a spoonful of sugar

Jason
    $400 10
Truman

Cara
    $400 5
bride

Jason
    $400 4
The Maltese Falcon

Cara
    $400 1
overture

Jason
    $800 18
Steve Irwin

Scott
    $800 25
Gilbert and Sullivan

Scott
    $800 11
McKinley

Jason
    $800 7
spring

Scott
    $800 21
The Scarlet Letter

Jason
    $800 2
over-the-counter

Scott
    $1,500 19
(Alex: Yes. Think of an artist closely associated with birds.)

Audubon

Scott
    $1200 26
Sweeney Todd

Cara
    $1200 12
(Alex: And that would be "buck", [*].)

(James) Buchanan

Triple Stumper
    $1200 8
rummy

Jason
    $2,600 22
(Jason: What is The Grapes of Wrath?)
...
(Alex: James Fenimore Cooper's [*].)

The Last of the Mohicans

Jason
    $1200 3
overcome

Scott
    $1600 20
(Carolus) Linnaeus

Jason
    $1600 13
(Jason: Who is Wilson?)

Teddy Roosevelt

JasonCara
    $1600 14
stilts

Cara
    $1600 23
The Last Temptation of Christ

Triple Stumper
    $1600 6
overturn

Cara
    $2000 28
(Scott: [No response])
...
[The end-of-round signal sounds.]

(John) Muir

CaraScott
    $2000 16
(Richard) Nixon

Cara
    $2000 15
(Jason: What is croquet?)
...
(Alex: It's not curling. It's [*].
H-u-r.)

hurling

Jason
Triple Stumper
    $2000 27
(Alex: And the novel is [*]--Adam Trask.)

East of Eden

Triple Stumper
    $2000 9
Overstock.com

Jason

Scores at the end of the Double Jeopardy! Round:

Jason Cara Scott
$11,200 $17,000 $4,300

[wagering suggestions for these scores]

Final Jeopardy! Round responses

RELIGIOUS SYMBOLS
(Alex: Jesus said to him, "Before the cock crows, you will deny me three times.")
ScottWho is Paul?
$1,200
JasonWho was Peter?
$11,122
CaraWho is Paul?
$6,000
Peter

Final scores:

Jason Cara Scott
$22,322 $11,000 $3,100
2-day champion: $45,200 2nd place: $2,000 3rd place: $1,000

Game dynamics:

Coryat scores:

Jason Cara Scott
$13,800 $16,400 $4,000
24 R,
4 W
(including 1 DD)
18 R
(including 1 DD),
1 W
9 R
(including 1 DD),
3 W

Combined Coryat: $34,200

[game clues] [game scores] [suggest correction]

Game tape date: 2012-08-28
The J! Archive is created by fans, for fans. Scraping, republication, monetization, and malicious use prohibited; this site may use cookies and collect identifying information. See terms. The Jeopardy! game show and all elements thereof, including but not limited to copyright and trademark thereto, are the property of Jeopardy Productions, Inc. and are protected under law. This website is not affiliated with, sponsored by, or operated by Jeopardy Productions, Inc. Join the discussion at JBoard.tv.